| 000 -LEADER |
| fixed length control field |
01166nam a2200241Ia 4500 |
| 001 - CONTROL NUMBER |
| control field |
19582 |
| 003 - CONTROL NUMBER IDENTIFIER |
| control field |
GE_BSU |
| 008 - FIXED-LENGTH DATA ELEMENTS--GENERAL INFORMATION |
| fixed length control field |
181216s||||||||xx |||||||||||||| ||und|| |
| 040 ## - CATALOGING SOURCE |
| Transcribing agency |
GE_BSU |
| 080 ## - UNIVERSAL DECIMAL CLASSIFICATION NUMBER |
| Universal Decimal Classification number |
655.41(479.22)+655.11(479.22)+347.78 |
| 100 ## - MAIN ENTRY--PERSONAL NAME |
| Personal name |
გვარამია,სოფო |
| 245 ## - TITLE STATEMENT |
| Title |
საგამომცემლო საქმიანობის წარმოშობა,განვითარება და სამართლებრივი რეგულირება საქართველოში. |
| 245 ## - TITLE STATEMENT |
| Statement of responsibility, etc. |
რედ. ბესარიონ ზოიძე., გია ქირია |
| 250 ## - EDITION STATEMENT |
| Edition statement |
9994065378 |
| 260 ## - PUBLICATION, DISTRIBUTION, ETC. |
| Place of publication, distribution, etc. |
თბილისი |
| 260 ## - PUBLICATION, DISTRIBUTION, ETC. |
| Name of publisher, distributor, etc. |
ბარტონი |
| 260 ## - PUBLICATION, DISTRIBUTION, ETC. |
| Date of publication, distribution, etc. |
2006 |
| 300 ## - PHYSICAL DESCRIPTION |
| Extent |
3ლ.85თ. |
| 653 ## - INDEX TERM--UNCONTROLLED |
| Uncontrolled term |
ბიბლიოთეკარი |
| 653 ## - INDEX TERM--UNCONTROLLED |
| Uncontrolled term |
საგამომცემლო საქმიანობის წარმოშობა,განვითარება და სამართლებრივი რეგულირება საქართველოში. |
| 653 ## - INDEX TERM--UNCONTROLLED |
| Uncontrolled term |
ქსეროქსი |
| 942 ## - ADDED ENTRY ELEMENTS (KOHA) |
| Koha item type |
წიგნი |